100 soruda Cumhuriyet Halk Partisi tarihçesi (Record no. 6292)

MARC details
000 -BAŞLIK
Sabit Uzunlukta Kontrol Alanı 01652na a2200397 4500
001 - KONTROL NUMARASI
Denetim Alanı 18079
003 - KONTROL NUMARASI IDENTIFIER
Denetim Alanı MIRAKIL
005 - SON İŞLEM TARİHİ VE ZAMANI
Denetim Alanı 20181213155102.0
008 - SABİT-BOY VERİ ELEMANLARI - GENEL BİLGİLER
Sabit Uzunlukta Kontrol Alanı 161213b tu 000 0
020 ## - ULUSLARARASI STANDART KİTAP NUMARASI
Uluslararası Standart Kitap Numarası 9789944963381
040 ## - KATALOGLAMA KAYNAK
Orijinal Kataloglama Ajansı Milas
Kataloglama Dili tur
Metne Dönüştürmek Ajansı TR-AnCHP
041 ## - DİL KODU
Metin / Ses Parça Veya Ayrı Başlığın Dil Kodu tur
082 ## - DEWEY ONLU SINIFLANDIRMA NUMARASI
Sınıflandırma Numarası CHP 324.2172
Ürün Numarası U92y 2012
090 ## - SINIFLAMA NUMARASI
Sınıflama Numarası CHP 324.2172 U92y 2012
100 ## - ANA GİRİŞ - KİŞİSEL İSİM
Kişisel Ad Uyar, Hakkı
245 ## - BAŞLIK TABLOSU
Başlık 100 soruda Cumhuriyet Halk Partisi tarihçesi
Başlığın Kalan (1923-2012)
Sorumluluk Tablosu, Vb Hakkı Uyar
246 ## - UNVAN FORM VARYING
Başlık Doğru / Kısa Başlığı Cumhuriyet Halk Partisi tarihçesi
250 ## - EDITION TABLOSU
Baskı Beyanı 2. bs.
260 ## - YAYIN, DAĞITIM, VB
Yayın, Dağıtım, Vb Yeri Ankara
Yayıncı, Dağıtıcı, Vs Adı Anka yayınları
Yayın, Dağıtım, Vb Tarihi 2012
300 ## - FİZİKSEL TANIM
Kapsam 240 s.
Boyutlar 21 sm.
504 ## - KAYNAKÇA VB NOT
Kaynakça Vb Notu Kaynakça ve dizin var.
505 ## - BİÇİMLENDİRİLDİ İÇİNDEKİLER NOT
Biçimlendirilmiş İçeriği Dikkat Kuruluş -- Tek parti dönemi -- Çok partili hayat (1945-1960) -- Ortanın Solu'ndan demokratik sol -- 12 Eylül ve sonrası -- CHP'nin yeniden açılması -- Kadın ve Gençlik Kolları -- CHP'nin şehitleri, genel merkezleri, marşı, program e tüzükleri -- Araştırma, Geliştirme, Parti içi eğitim, Halkevleri, Doğu ve Güneydoğu'da örgütlenme -- Yeni CHP
610 ## - KONU KATMA GİRİŞ - TOPLANTI ADI
Giriş Elemanı Olarak Kurumsal Ad Veya Yargı Alanı Adı CHP
Genel Alt Bölüm Tarih
740 ## - KATMA GİRİŞ - KONTROLSUZ İLGİLİ / ANALİTİK BAŞLIK
Kontrol Edilmeyen / İlgili Analitik Başlıktaki CHP tarihi
740 ## - KATMA GİRİŞ - KONTROLSUZ İLGİLİ / ANALİTİK BAŞLIK
Kontrol Edilmeyen / İlgili Analitik Başlıktaki Cumhuriyet Halk Partisi tarihçesi
740 ## - KATMA GİRİŞ - KONTROLSUZ İLGİLİ / ANALİTİK BAŞLIK
Kontrol Edilmeyen / İlgili Analitik Başlıktaki Yeni CHP
740 ## - KATMA GİRİŞ - KONTROLSUZ İLGİLİ / ANALİTİK BAŞLIK
Kontrol Edilmeyen / İlgili Analitik Başlıktaki Araştırma, Geliştirme, Parti içi eğitim, Halkevleri, Doğu ve Güneydoğu'da örgütlenme
740 ## - KATMA GİRİŞ - KONTROLSUZ İLGİLİ / ANALİTİK BAŞLIK
Kontrol Edilmeyen / İlgili Analitik Başlıktaki CHP'nin şehitleri, genel merkezleri, marşı, program e tüzükleri
740 ## - KATMA GİRİŞ - KONTROLSUZ İLGİLİ / ANALİTİK BAŞLIK
Kontrol Edilmeyen / İlgili Analitik Başlıktaki Kadın ve Gençlik Kolları
740 ## - KATMA GİRİŞ - KONTROLSUZ İLGİLİ / ANALİTİK BAŞLIK
Kontrol Edilmeyen / İlgili Analitik Başlıktaki CHP'nin yeniden açılması
740 ## - KATMA GİRİŞ - KONTROLSUZ İLGİLİ / ANALİTİK BAŞLIK
Kontrol Edilmeyen / İlgili Analitik Başlıktaki 12 Eylül ve sonrası
740 ## - KATMA GİRİŞ - KONTROLSUZ İLGİLİ / ANALİTİK BAŞLIK
Kontrol Edilmeyen / İlgili Analitik Başlıktaki Ortanın Solu'ndan demokratik sol
740 ## - KATMA GİRİŞ - KONTROLSUZ İLGİLİ / ANALİTİK BAŞLIK
Kontrol Edilmeyen / İlgili Analitik Başlıktaki Çok partili hayat (1945-1960)
740 ## - KATMA GİRİŞ - KONTROLSUZ İLGİLİ / ANALİTİK BAŞLIK
Kontrol Edilmeyen / İlgili Analitik Başlıktaki Tek parti dönemi
942 ## - EKLENDİ GİRİŞ ELEMANLARI (KOHA)
Sınıflandırma Veya Raf Düzeni Kaynak
Koha Öğesi Türü Books
999 ## - SİSTEM KONTROL NUMARALARI (KOHA)
Koha Biblionumber 6292
Koha Biblioitemnumber 6292
Holdings
Kalıcı Konum Mevcut Konum Edinme Tarihi Edinim Kaynak Toplam Check-Out'Lar Tam Çağrı Numarası Barkod Tarih Son Görülme İtibaren Geçerli Fiyatlar Koha Öğesi Türü Kopya Sayısı
CHP Kütüphanesi CHP Kütüphanesi 11/10/2016 Bağış   CHP 324.2172 U92y 2012 009329 11/10/2016 11/10/2016 Books  
CHP Kütüphanesi CHP Kütüphanesi 12/13/2016 Bağış   CHP 324.2172 U92y 2012 011541 12/13/2016 12/13/2016 Books k.2
CHP Kütüphanesi CHP Kütüphanesi 02/07/2017 Bağış   CHP 324.2172 U92y 2012 012886 02/07/2017 02/07/2017 Books k.3